|
|
|
|
| LEADER |
01089nam a2200265 i 4500 |
| 001 |
c000042349 |
| 003 |
CARM |
| 005 |
00000000000000.0 |
| 008 |
770512s1974 fr b i00000 eng |
| 015 |
|
|
|a F***
|
| 020 |
|
|
|a 9264112790 :
|c $6.00 (U.S.)
|
| 043 |
|
|
|a n-us---
|
| 050 |
0 |
0 |
|a LB1715
|b .O72 1974b
|
| 110 |
2 |
|
|a Organisation for Economic Co-operation and Development.
|
| 245 |
1 |
0 |
|a United States.
|
| 260 |
|
|
|a Paris :
|b Organisation for Economic Co-operation and Development ;
|a Washington, D.C. :
|b sold by OECD Publications,
|c 1974.
|
| 300 |
|
|
|a 154 p. ;
|c 27 cm.
|
| 440 |
|
0 |
|a New patterns of teacher education and tasks : Country experience
|
| 490 |
0 |
|
|a Document - Organisation for Economic Co-operation and Development
|
| 504 |
|
|
|a Includes bibliographies.
|
| 650 |
|
0 |
|a Teachers
|x Training of
|z United States.
|
| 852 |
8 |
|
|b CARM
|h A2:AN29C1
|i D03913
|p 0182205
|f BK
|
| 082 |
0 |
4 |
|a 371.1/46/0973
|
| 999 |
f |
f |
|i d5bd5b9c-e4ea-587b-a83f-7b8575f9c4ec
|s 7c5688ba-b128-5213-85b7-98f910bcf783
|
| 952 |
f |
f |
|p Can circulate
|a CAVAL
|b CAVAL
|c CAVAL
|d CARM 1 Store
|e D03913
|f A2:AN29C1
|h Other scheme
|i book
|m 0182205
|